[Event "AUT-ch U12"]
[Site "St Veit"]
[Date "2019.06.10"]
[Round "6.11"]
[White "Standhartinger, Joachim"]
[Black "Zaytsev, Alexander"]
[Result "0-1"]
[WhiteElo "1522"]
[BlackElo "1516"]
[PlyCount "122"]
[EventDate "2019.06.08"]
[EventType "swiss"]
[EventRounds "7"]
[EventCountry "AUT"]
[SourceTitle "EXT 2024"]
[Source "ChessBase"]
[SourceDate "2023.10.10"]
[SourceVersion "1"]
[SourceVersionDate "2023.10.10"]
[SourceQuality "1"]

1. e4 c5 2. Nf3 e6 3. d4 cxd4 4. Nxd4 Nf6 5. Nc3 Nc6 6. Be3 Bb4 7. Bd3 d5 8. Bb5 Bd7 9. exd5 Nxd5 10. Nde2 Nxe3 11. fxe3 Qg5 12. Bxc6 Bxc6 13. Qd4 Bc5 14. Qf4 Bxe3 15. Qxg5 Bxg5 16. 0-0 Ke7 17. Nf4 Rad8 18. Nd3 Bf6 19. Nb4 Bxc3 20. Nxc6+ bxc6 21. bxc3 Rb8 22. Rab1 Rhd8 23. Rfc1 Kf6 24. Kf1 Rb6 25. Rxb6 axb6 26. Rb1 b5 27. Ke2 Ra8 28. Ra1 Ke5 29. Kd3 Ra3 30. Kd2 Kd5 31. Rf1 f6 32. Ra1 e5 33. Re1 Rxa2 34. Re3 Ra4 35. Rd3+ Ke6 36. Rh3 h6 37. Rg3 g5 38. Rf3 Rf4 39. Rg3 h5 40. Ke2 h4 41. Rd3 Rc4 42. Kd2 Rg4 43. g3 hxg3 44. hxg3 e4 45. Re3 Ke5 46. Ke2 f5 47. Kf2 f4 48. gxf4+ gxf4 49. Rh3 Rg3 50. Rh5+ Kd6 51. Rf5 Rxc3 52. Rxf4 Rxc2+ 53. Ke3 Rc3+ 54. Kd2 Rd3+ 55. Kc2 Kd5 56. Rh4 b4 57. Rh5+ Kc4 58. Rh4 b3+ 59. Kb2 Rd2+ 60. Kb1 Kc3 61. Rh3+ Rd3 0-1

[Event "AUT-ch U12"]
[Site "St Veit"]
[Date "2019.06.08"]
[Round "1.13"]
[White "Hoerfarter, Alexander"]
[Black "Zaytsev, Alexander"]
[Result "1/2-1/2"]
[WhiteElo "1256"]
[BlackElo "1516"]
[PlyCount "98"]
[EventDate "2019.06.08"]
[EventType "swiss"]
[EventRounds "7"]
[EventCountry "AUT"]
[SourceTitle "EXT 2024"]
[Source "ChessBase"]
[SourceDate "2023.10.10"]
[SourceVersion "1"]
[SourceVersionDate "2023.10.10"]
[SourceQuality "1"]

1. e4 c5 2. Nc3 e6 3. Nf3 Nc6 4. Bb5 Nf6 5. Bxc6 bxc6 6. d3 d5 7. Qd2 Be7 8. b3 Bb7 9. Bb2 dxe4 10. Nxe4 Nxe4 11. dxe4 Qxd2+ 12. Nxd2 0-0 13. 0-0 Rfd8 14. Nf3 h6 15. Rae1 Rab8 16. Re3 Ba6 17. Rfe1 Kf8 18. Ba3 Rbc8 19. g3 Rb8 20. Ne5 Rbc8 21. Nd3 Bxd3 22. Rxd3 Rxd3 23. cxd3 Rd8 24. Rd1 Ke8 25. Kf1 Kd7 26. Ke2 Kc7 27. Bb2 Bf6 28. Bxf6 gxf6 29. Ke3 e5 30. Rc1 Kb6 31. Rc4 Kb5 32. a4+ Kb6 33. f4 a5 34. Rc3 Rg8 35. Kf3 h5 36. h3 Rg7 37. Rc1 Rg8 38. Rh1 Rd8 39. Rd1 Rg8 40. h4 Kc7 41. Rg1 Rd8 42. Ke3 Rg8 43. fxe5 fxe5 44. Ke2 Kb6 45. Kf2 Rd8 46. Ke3 Rg8 47. Kd2 Kc7 48. Kc3 Kb6 49. Kc4 Rg7 1/2-1/2

[Event "AUT-ch U12"]
[Site "St Veit"]
[Date "2019.06.08"]
[Round "2.8"]
[White "Zaytsev, Alexander"]
[Black "Pernerstorfer, Leo"]
[Result "1/2-1/2"]
[WhiteElo "1516"]
[BlackElo "1313"]
[PlyCount "59"]
[EventDate "2019.06.08"]
[EventType "swiss"]
[EventRounds "7"]
[EventCountry "AUT"]
[SourceTitle "EXT 2024"]
[Source "ChessBase"]
[SourceDate "2023.10.10"]
[SourceVersion "1"]
[SourceVersionDate "2023.10.10"]
[SourceQuality "1"]

1. e4 e5 2. Nf3 Nc6 3. Bb5 a6 4. Ba4 b5 5. Bb3 Nf6 6. 0-0 Bc5 7. Re1 Bb7 8. c3 d6 9. d4 Bb6 10. h3 h6 11. Bc2 0-0 12. d5 Ne7 13. Nbd2 Nd7 14. Nf1 f5 15. exf5 Bxd5 16. Ng3 Bb7 17. Bb3+ Kh8 18. Ng5 Nc5 19. Nf7+ Rxf7 20. Bxf7 Qf8 21. Bh5 Nxf5 22. Nxf5 Qxf5 23. Bg4 Qf6 24. Be3 Rf8 25. Qe2 e4 26. Rf1 Bd5 27. Bd4 Qf7 28. b3 Qf4 29. Be3 Qf7 30. Bd4 1/2-1/2

[Event "Steyr Landesliga 1819"]
[Site "Austria"]
[Date "2019.02.09"]
[Round "8.8"]
[White "Klasinc, Kristjan"]
[Black "Zaytsev, Alexander"]
[Result "1-0"]
[WhiteElo "1790"]
[BlackElo "1414"]
[PlyCount "121"]
[EventDate "2018.10.06"]
[EventType "team-tourn"]
[EventRounds "11"]
[EventCountry "AUT"]
[SourceTitle "CBM 189 Extra"]
[Source "ChessBase"]
[SourceDate "2019.06.03"]
[SourceVersion "1"]
[SourceVersionDate "2019.06.03"]
[SourceQuality "1"]
[WhiteTeam "Graz Schachfreunde"]
[BlackTeam "Fuerstenfeld/Hartberg"]
[WhiteTeamCountry "AUT"]
[BlackTeamCountry "AUT"]

1. d4 d5 2. Bg5 Nf6 3. e3 h6 4. Bh4 Bf5 5. Bd3 Bxd3 6. Qxd3 c6 7. Nd2 Nbd7 8. Ngf3 Qc7 9. Bg3 Qd8 10. h3 e6 11. 0-0 a6 12. c4 c5 13. Rac1 Rc8 14. Ne5 cxd4 15. Nxd7 Qxd7 16. cxd5 dxe3 17. Rxc8+ Qxc8 18. Nc4 exf2+ 19. Kh1 Nxd5 20. Rxf2 Qd8 21. Ne5 f5 22. Ng6 Rg8 23. Qe2 Qf6 24. Qh5 Kd7 25. Ne5+ Ke7 26. Rc2 g6 27. Qf3 f4 28. Qa3+ Kd8 29. Qa5+ b6 30. Nc6+ Ke8 31. Qxa6 fxg3 32. Qc8+ Kf7 33. Nd8+ Kg7 34. Rc1 Be7 35. Nxe6+ Kh8 36. Qd7 Rd8 37. Nxd8 Bxd8 38. Qxd5 Kh7 39. Rd1 Be7 40. Qf3 Qe5 41. Qf7+ Kh8 42. Qxg6 Qe2 43. Qxh6+ Kg8 44. Qd2 Qa6 45. Qd5+ Kf8 46. Qf3+ Ke8 47. Qxg3 Qxa2 48. Qg6+ Qf7 49. Qxf7+ Kxf7 50. Rd7 Ke6 51. Rxe7+ Kxe7 52. g4 Kf6 53. h4 Kg6 54. Kg2 Kf6 55. Kf3 Kg6 56. Ke4 Kf6 57. h5 Kg5 58. Kd5 Kxg4 59. h6 Kg5 60. h7 Kg6 61. h8Q 1-0

[Event "Styrian op U08/12 25th"]
[Site "Mureck"]
[Date "2018.08.05"]
[Round "5"]
[White "Ebner, Moritz"]
[Black "Zaytsev, Alexander"]
[Result "0-1"]
[WhiteElo "991"]
[BlackElo "1414"]
[PlyCount "88"]
[EventDate "2018.08.01"]
[EventType "swiss"]
[EventRounds "9"]
[EventCountry "AUT"]
[SourceTitle "CBM 186 Extra"]
[Source "ChessBase"]
[SourceDate "2018.08.24"]
[SourceVersion "1"]
[SourceVersionDate "2018.08.24"]
[SourceQuality "1"]

1. e4 c5 2. Nf3 Nc6 3. Bb5 e6 4. Nc3 a6 5. Ba4 b5 6. Nxb5 axb5 7. Bxb5 Bb7 8. 0-0 Nf6 9. d3 Be7 10. c3 0-0 11. Re1 d6 12. d4 cxd4 13. cxd4 Rc8 14. Bg5 Nb4 15. Re2 Bc6 16. e5 Bxb5 17. exf6 gxf6 18. Bh6 Bxe2 19. Qxe2 Re8 20. Qb5 Nd5 21. Qd3 Bf8 22. Bd2 Bg7 23. Ne1 Qb6 24. Qg3 Kh8 25. Nf3 Qxb2 26. Rd1 Qxa2 27. Qxd6 Qc4 28. h3 Qc7 29. Qa6 Qb6 30. Qa3 Ra8 31. Qd3 Qa6 32. Qe4 Qa4 33. Rb1 Reb8 34. Rxb8+ Rxb8 35. g3 Qd1+ 36. Kg2 Rb2 37. Bf4 Qe2 38. Qxe2 Rxe2 39. Bd2 Re4 40. Nh2 Rxd4 41. Nf3 Ra4 42. h4 f5 43. Ng5 Kg8 44. Nh3 h6 0-1

[Event "AUT-ch U12"]
[Site "St Kanzian"]
[Date "2018.05.22"]
[Round "7.11"]
[White "Zaytsev, Alexander"]
[Black "Lederer, Markus"]
[Result "1/2-1/2"]
[WhiteElo "1248"]
[BlackElo "1434"]
[PlyCount "60"]
[EventDate "2018.05.19"]
[EventType "swiss"]
[EventRounds "7"]
[EventCountry "AUT"]
[SourceTitle "EXT 2024"]
[Source "ChessBase"]
[SourceDate "2023.10.10"]
[SourceVersion "1"]
[SourceVersionDate "2023.10.10"]
[SourceQuality "1"]

1. e4 e5 2. Nf3 Nc6 3. Bb5 d6 4. h3 Bd7 5. 0-0 Nf6 6. Re1 Be7 7. c3 a6 8. Ba4 0-0 9. d4 exd4 10. cxd4 Re8 11. Nc3 Na7 12. Bxd7 Qxd7 13. Bg5 c6 14. Qb3 Nb5 15. Nxb5 axb5 16. Qc2 h6 17. Bh4 Qe6 18. b3 Bd8 19. Rad1 Bb6 20. Kh1 Nd7 21. d5 Qg6 22. dxc6 Nc5 23. cxb7 Rab8 24. Nd2 Rxb7 25. Qb1 Rd7 26. a3 d5 27. exd5 Rxe1+ 28. Rxe1 Qxb1 29. Rxb1 Rxd5 30. Nf3 Ne4 1/2-1/2

[Event "AUT-ch U12"]
[Site "St Kanzian"]
[Date "2018.05.20"]
[Round "3.11"]
[White "Elsaesser, Daniel"]
[Black "Zaytsev, Alexander"]
[Result "1/2-1/2"]
[WhiteElo "1395"]
[BlackElo "1248"]
[PlyCount "97"]
[EventDate "2018.05.19"]
[EventType "swiss"]
[EventRounds "7"]
[EventCountry "AUT"]
[SourceTitle "EXT 2024"]
[Source "ChessBase"]
[SourceDate "2023.10.10"]
[SourceVersion "1"]
[SourceVersionDate "2023.10.10"]
[SourceQuality "1"]

1. e4 c5 2. Nc3 Nc6 3. f4 g6 4. Bb5 Nd4 5. Nf3 Bg7 6. 0-0 Nxb5 7. Nxb5 d5 8. exd5 a6 9. Nc3 Nf6 10. d3 Nxd5 11. Ne4 Qc7 12. Qe1 Nxf4 13. Bxf4 Qxf4 14. Nfg5 Qc7 15. Rxf7 Bd4+ 16. Kh1 h6 17. Rh7 hxg5 18. Rxh8+ Bxh8 19. Nxg5 Bd7 20. Ne6 Qc6 21. Nf4 Qd6 22. Qe4 0-0-0 23. Nxg6 Bf6 24. Re1 Re8 25. b3 Bc6 26. Qe6+ Qxe6 27. Rxe6 Kd7 28. Re2 Rg8 29. Nf4 Bd4 30. h3 e5 31. Nh5 Kd6 32. Nf6 Rf8 33. Ne4+ Bxe4 34. dxe4 Rf1+ 35. Kh2 b5 36. g4 Ke6 37. Kg3 Kf6 38. h4 Kg6 39. Rd2 b4 40. Kg2 Rf4 41. Kg3 Rxe4 42. Rd3 Re3+ 43. Rxe3 Bxe3 44. Kf3 Bd4 45. Ke4 Kf6 46. Kd5 Bf2 47. h5 Bd4 48. Ke4 Kg5 49. Kf3 1/2-1/2

[Event "AUT-ch U12"]
[Site "St Kanzian"]
[Date "2018.05.19"]
[Round "2.12"]
[White "Zaytsev, Alexander"]
[Black "Karner, Daniel"]
[Result "1/2-1/2"]
[WhiteElo "1248"]
[BlackElo "1410"]
[PlyCount "64"]
[EventDate "2018.05.19"]
[EventType "swiss"]
[EventRounds "7"]
[EventCountry "AUT"]
[SourceTitle "EXT 2024"]
[Source "ChessBase"]
[SourceDate "2023.10.10"]
[SourceVersion "1"]
[SourceVersionDate "2023.10.10"]
[SourceQuality "1"]

1. e4 e5 2. Nf3 Nc6 3. Bb5 a6 4. Ba4 b5 5. Bb3 Be7 6. c3 Nf6 7. d4 d6 8. 0-0 Nxe4 9. Bd5 Bb7 10. Bxe4 d5 11. Bc2 e4 12. Ne1 h5 13. f3 f5 14. fxe4 fxe4 15. Be3 g5 16. Qe2 Qd7 17. Bd1 g4 18. g3 0-0-0 19. Ng2 Rdg8 20. Qf2 Rf8 21. Qe1 Rfg8 22. Qf2 Rf8 23. Qe1 Rfg8 24. Nd2 a5 25. a3 a4 26. b3 Na5 27. b4 Nc6 28. Be2 Nd8 29. Qf2 Rf8 30. Qe1 Rfg8 31. Qf2 Rf8 32. Qe1 Rfg8 1/2-1/2